000 00553nam a2200193Ia 4500
005 20250508162548.0
008 008 250505s9999 xx 000 0 eng d
020 _a0-300-03292-7
037 _aTextual
040 _aFEDL
_beng
_cFEDL
041 _aeng
_2eng
084 _a371.254, OAK
_qFEDL
100 _aOakes Jeannie
_9773464
245 0 _aKeeping track how schools structure inequality
260 _aNew Haven
_bYale University Press
_c1985
300 _axvi,231p.
942 _cTEXL
_h371.254, OAK
999 _c1377315
_d1377315